Materials management
محفوظ في:
| المؤلف الرئيسي: | |
|---|---|
| التنسيق: | كتاب |
| منشور في: |
New Delhi :
Taraporevala Publishing Industries Private Ltd.,
1980.
|
| الموضوعات: | |
| الوسوم: |
إضافة وسم
لا توجد وسوم, كن أول من يضع وسما على هذه التسجيلة!
|
MARC
| LEADER | 00000nam a2200000 4500 | ||
|---|---|---|---|
| 020 | |a NA |c TZS 1650/= | ||
| 040 | |a MUL |b eng |e AACR | ||
| 082 | |a 658.7 BAL | ||
| 100 | |a Ballot, Robert B. | ||
| 245 | |a Materials management |c / Robert B. Ballot | ||
| 260 | |a New Delhi : |b Taraporevala Publishing Industries Private Ltd., |c 1980. | ||
| 300 | |a x, 309p. : |c 21 cm | ||
| 500 | |a Includes index | ||
| 650 | |a Long-term planning | ||
| 942 | |c BK | ||
| 999 | |c 5793 |d 5793 | ||